|
|
|
|
| LEADER |
00000cas a2200000 a 4500 |
| 001 |
vtls010039259 |
| 003 |
SK-MaSNL |
| 005 |
20260228163838.0 |
| 008 |
100114d20102010xo mr p 0 b0slo |
| 022 |
|
|
|a 1338-3175
|y 1336-5754
|
| 040 |
|
|
|a SVKBB
|b slo
|c SVKBB
|d SAVUK
|d SNK
|e AACR2
|
| 041 |
0 |
|
|a slo
|
| 044 |
|
|
|a xo
|c SK
|
| 072 |
|
7 |
|a 004
|x Počítačová veda. Výpočtová technika. Informačné technológie
|2 konspekt
|
| 072 |
|
7 |
|a 00
|x Veda. Všeobecnosti. Základy vedy a kultúry. Vedecká práca
|2 konspekt
|
| 072 |
|
7 |
|a 62
|x Technika všeobecne
|2 konspekt
|
| 080 |
|
|
|a 001.126-029:6
|2 2001
|
| 080 |
|
|
|a 004
|2 2001
|
| 080 |
|
|
|a 62:001.892
|2 2001
|
| 080 |
|
|
|a 050
|2 2001
|
| 210 |
0 |
|
|a Bizn. zábava
|
| 222 |
|
0 |
|a Biznis a zábava
|
| 245 |
0 |
0 |
|a BZ!
|b biznis & zábava : technológie a zariadenia pre príjemnejší život
|
| 260 |
|
|
|a Bratislava
|b Digital Visions
|c 2010
|
| 300 |
|
|
|a 1 zv.
|c 30 cm
|
| 310 |
|
|
|a 11x ročne
|
| 362 |
0 |
|
|a Jan./2010-júl/aug./2010
|
| 500 |
|
|
|a ISSN uvedené na dok. patrí podľa národnej agentúry ISSN titulu Digi revue
|
| 500 |
|
|
|a Reg. č. MK SR: 3091/09
|
| 500 |
|
|
|a Šéfredaktor: 2010, Martin Drobný
|
| 650 |
0 |
7 |
|a technológia
|2 SNKPH
|9 66619
|
| 650 |
0 |
7 |
|a technologický rozvoj
|2 SNKPH
|9 3988
|
| 650 |
0 |
7 |
|a výpočtová technika
|2 SNKPH
|9 1126
|
| 650 |
0 |
7 |
|a multimédiá
|2 SNKPH
|9 2022
|
| 655 |
|
7 |
|a špecializované časopisy
|2 SNKPH
|9 70509
|
| 700 |
1 |
|
|a Drobný, Martin
|4 pbd
|9 274739
|
| 780 |
0 |
0 |
|t Digi revue
|x 1336-5754
|w vtls008695561
|
| 910 |
|
|
|a savuk
|
| 910 |
|
|
|a snk
|
| 999 |
|
|
|c 11047
|d 12977
|
| 952 |
|
|
|0 0
|1 0
|4 0
|7 0
|8 0
|a SNK
|b SNK
|d 2016-06-10
|i snk2016/15161
|l 0
|o snkČSB 6161/2010 D1
|p 17A1100223
|r 2026-02-21 22:24:08
|t č. jan.-aug.
|w 2026-02-21
|y PREZ
|
| 952 |
|
|
|0 0
|1 0
|4 0
|7 0
|8 0
|a SNK
|b SNK
|d 2016-06-10
|i snk2016/15163
|l 0
|o snkČSB 6161/2010
|p 17A1100222
|r 2026-02-21 22:24:08
|t č. jan.-aug.
|w 2026-02-21
|y PREZ
|